Movies Quiz

Random Movies or Actor Quiz

Multiple Real People Disorder II Quiz Stats

Quiz Updated Aug 3, 2016

Challenge
Share
Tweet
Embed
Score 0/28 Timer 06:00
3 Plays Today
Real Life People Actor % Correct
Maria von Trapp & Gertrude LawrenceJulie Andrews
81.9%
Johnny Cash & Abbé de CoulmierJoaquin Phoenix
81.5%
Ray Charles & Nathaniel AyersJamie Foxx
81.1%
Nelson Mandela & Joe ClarkMorgan Freeman
78.8%
Christy Brown & Abraham LincolnDaniel Day-Lewis
76.3%
Wyatt Earp & Eliot NessKevin Costner
66.8%
Jesse James & Billy BeaneBrad Pitt
65.1%
Vincent van Gogh & SpartacusKirk Douglas
63.4%
Elizabeth II & Sophia TolstayaHelen Mirren
57.1%
Clyde Barrow & John ReedWarren Beatty
49.8%
Max Perkins & King George VIColin Firth
49.7%
Queen Victoria & Elizabeth IJudi Dench
49.4%
Dian Fossey & Queen IsabellaSigourney Weaver
45.1%
Édith Piaf & Billie FrechetteMarion Cotillard
38.7%
Real Life People Actor % Correct
Wilhelm Grimm & Mark WhitacreMatt Damon
37.5%
Betty Shabazz & Tina TurnerAngela Bassett
37.1%
Alicia Nash & Emma DarwinJennifer Connelly
36.2%
David Frost & Tony BlairMichael Sheen
34.8%
Sister Prejean & Michaela OdoneSusan Sarandon
33.8%
Lenny Bruce & Charles FrohmanDustin Hoffman
31.4%
Steve Jobs & Carl JungMichael Fassbender
30.2%
Domino Harvey & Georgiana CavendishKeira Knightley
27.9%
Princess Diana & Valerie PlameNaomi Watts
27.8%
Annie Sullivan & Helene HanffAnne Bancroft
27%
Iris Murdoch & Sylvia Llewelyn DaviesKate Winslet
26.5%
Father Flanagan & Thomas EdisonSpencer Tracy
23%
Alvin York & Marco PoloGary Cooper
20%
Christopher McCandless & Cleve JonesEmile Hirsch
12.8%

You're not logged in!

Compare scores with friends on all Sporcle quizzes.
Sign Up with Email
OR
Log In

You Might Also Like...

Show Comments

Extras

Top Quizzes Today


Score Distribution

Your Account Isn't Verified!

In order to create a playlist on Sporcle, you need to verify the email address you used during registration. Go to your Sporcle Settings to finish the process.